| 000 | 005490000a22001090004500 | ||
|---|---|---|---|
| 100 | 1 | _aAckerman, Charbel | |
| 245 | 1 | 0 | _aEuropa ya no es el centro |
| 300 | _aVol.0, núm.22 (Julio, 2007), Páginas 30-31 | ||
| 520 | _aLa madre de todas las bienales está abriéndose cada vez más al mundo. Robert Storr, su curador, eligió incluir regiones periféricas como África, Turquía o América Latina y ubicarlas en el centro de una de las exposiciones más relevantes del arte mundial. | ||
| 773 | 0 | _tArcadia / Andrés Felipe Solano, Editor | |
| 942 | _cANA | ||
| 999 |
_c62279 _d62279 |
||